000
00290cam a2200109ua 4500
082
_a
335
_b
MIN/SA
100
_a
Miniyev, L .
_9
1773
245
_a
Sasthriya Socialisathinte Ulpathiyum Thatwangalum /
260
_a
Eranakulam :
_b
Prabhath Book House ,
_c
1967.
300
_a
192 ; .
942
_c
BK
999
_c
4627
_d
4627